000 00598nam a2200241 a 4500
001 nice12345678
003 IN_TiNIC
005 20260116012150.0
008 050524s1954 lona grp 000 0 eng
020 _a
_c100
082 0 0 _a289.9
_bCOL
100 _aCole, Marley
245 _aJehovah`s Witnesses
_b the New World Society
260 _aLondon
_bGeorge Allen and Unwin Ltd
_c1954
300 _a232p
500 _aincludes index and biblioraphy
505 2 _aIll, Index
650 _aJehovas Witnesses
700 1 _aCole, Marley
902 _bSRS
942 _cBK
999 _c5907
_d5907